[Event "31st Klatovy C 2025"]
[Site "Klatovy CZE"]
[Date "2025.07.02"]
[Round "5.11"]
[White "Steiner, Juraj"]
[Black "Vachal, Josef 1957"]
[Result "0-1"]
[WhiteElo "1966"]
[BlackElo "1845"]
[PlyCount "116"]
[EventDate "2025.06.28"]
[EventType "swiss"]
[EventRounds "9"]
[EventCountry "CZE"]

1. c4 Nf6 2. Nc3 e6 3. d4 d5 4. cxd5 exd5 5. Bg5 Be7 6. e3 O-O 7. Bd3 h6 8. Bh4 b6 9. Nf3 Bb7 10. O-O Nbd7 11. Qc2 Re8 12. h3 a6 13. Bg3 Bf8 14. Rac1 Ne4 15. Bxe4 dxe4 16. Ne5 Nxe5 17. dxe5 Qd3 18. Qb3 Qd7 19. Rfd1 Qf5 20. Ne2 Rac8 21. Rd2 Qe6 22. Qxe6 Rxe6 23. Nd4 Rg6 24. Rdc2 c5 25. Nf5 Rd8 26. Nd6 Bd5 27. Rd2 Ba8 28. Nxe4 Rxd2 29. Nxd2 b5 30. Nb3 Rc6 31. Rd1 c4 32. Nd4 Rc8 33. e6 b4 34. exf7+ Kxf7 35. Nc2 Be4 36. Rc1 b3 37. Na1 bxa2 38. Be5 Bd3 39. f3 Be7 40. Kf2 Bf6 41. Bxf6 gxf6 42. Rd1 Rb8 43. Rd2 a5 44. e4 a4 45. Ke3 Bb1 46. Kd4 Rd8+ 47. Ke3 Bd3 48. g4 Ke6 49. h4 Kd6 50. Kd4 Kc6+ 51. Kc3 Kc5 52. f4 Rb8 53. b4+ axb3 54. g5 hxg5 55. fxg5 fxg5 56. hxg5 Bxe4 57. Rf2 Bc2 58. g6 b2 0-1

[Event "31st Klatovy C 2025"]
[Site "Klatovy CZE"]
[Date "2025.07.02"]
[Round "5.12"]
[White "Kovar, Petr"]
[Black "Novotny, Jaroslav 1956"]
[Result "1/2-1/2"]
[WhiteElo "1887"]
[BlackElo "1946"]
[PlyCount "46"]
[EventDate "2025.06.28"]
[EventType "swiss"]
[EventRounds "9"]
[EventCountry "CZE"]

1. c4 e6 2. d4 d5 3. Nc3 Nf6 4. Bg5 Be7 5. e3 Nbd7 6. Nf3 c6 7. Qc2 O-O 8. cxd5 exd5 9. Bd3 Re8 10. O-O Nf8 11. Rab1 Ne4 12. Bxe7 Qxe7 13. b4 a6 14. a4 Ng6 15. b5 axb5 16. axb5 Nxc3 17. Qxc3 Bd7 18. bxc6 Bxc6 19. Bb5 Rac8 20. Qb4 Qxb4 21. Rxb4 f6 22. Bxc6 bxc6 23. Rc1 Ne7 1/2-1/2

[Event "31st Klatovy C 2025"]
[Site "Klatovy CZE"]
[Date "2025.07.02"]
[Round "5.13"]
[White "Skopec, Lubos"]
[Black "Berka, Lubos"]
[Result "1-0"]
[WhiteElo "1905"]
[BlackElo "1836"]
[PlyCount "43"]
[EventDate "2025.06.28"]
[EventType "swiss"]
[EventRounds "9"]
[EventCountry "CZE"]

1. e4 c6 2. d4 d5 3. Nc3 dxe4 4. Nxe4 Nf6 5. Nxf6+ exf6 6. Nf3 Bd6 7. Be2 O-O 8. O-O Bg4 9. h3 Bh5 10. Re1 Re8 11. Be3 Nd7 12. d5 c5 13. c4 f5 14. Qc2 f4 15. Bd2 g6 16. Bc3 h6 17. Qd3 g5 18. Qd2 Qc7 19. Nh2 Bxe2 20. Rxe2 h5 21. Rae1 Rxe2 22. Qxe2 1-0

[Event "31st Klatovy C 2025"]
[Site "Klatovy CZE"]
[Date "2025.07.02"]
[Round "5.14"]
[White "Tvrdy, Jindrich"]
[Black "Titera, Libor"]
[Result "1/2-1/2"]
[WhiteElo "1893"]
[BlackElo "1844"]
[PlyCount "87"]
[EventDate "2025.06.28"]
[EventType "swiss"]
[EventRounds "9"]
[EventCountry "CZE"]

1. e4 e6 2. d3 c5 3. g3 Qc7 4. Bg2 b6 5. Nc3 a6 6. Bf4 d6 7. Qe2 Bb7 8. Nf3 Nc6 9. O-O-O Nge7 10. h4 Nd4 11. Qe1 Nec6 12. Ne2 e5 13. Bg5 Be7 14. c3 Nxf3 15. Bxf3 a5 16. Bxe7 Qxe7 17. Qd2 O-O 18. g4 b5 19. Ng3 Rfd8 20. Nf5 Qe6 21. Qg5 Qg6 22. Qd2 Qe6 23. Kb1 Ne7 24. Qg5 Ng6 25. h5 f6 26. Qe3 Nf4 27. Rdg1 d5 28. d4 b4 29. g5 Rd7 30. gxf6 Qxf6 31. dxe5 Qxe5 32. Rg5 Kh8 33. Qxc5 bxc3 34. bxc3 Rc7 35. Qd4 Qxd4 36. cxd4 dxe4 37. Bd1 Rb8 38. Nd6 Bc8+ 39. Rb5 Rxb5+ 40. Nxb5 Rb7 41. a4 Bd7 42. Rh4 Bxb5 43. axb5 Rxb5+ 44. Ka2 1/2-1/2

[Event "31st Klatovy C 2025"]
[Site "Klatovy CZE"]
[Date "2025.07.02"]
[Round "5.15"]
[White "Bazantova, Marie"]
[Black "Cecil, Pavel"]
[Result "1-0"]
[WhiteElo "1854"]
[BlackElo "1820"]
[PlyCount "71"]
[EventDate "2025.06.28"]
[EventType "swiss"]
[EventRounds "9"]
[EventCountry "CZE"]

1. e4 e6 2. d4 d5 3. exd5 exd5 4. Nf3 Bd6 5. Bd3 Ne7 6. c4 c6 7. Nc3 O-O 8. O-O Bf5 9. Bxf5 Nxf5 10. cxd5 cxd5 11. Qb3 Nc6 12. Qxd5 Qa5 13. Qxa5 Nxa5 14. Ne4 Bc7 15. Bd2 Rad8 16. Bc3 Nc6 17. Rad1 Rd5 18. Nc5 b6 19. Na6 Bd8 20. Nb4 Nxb4 21. Bxb4 Be7 22. Bxe7 Nxe7 23. Rfe1 Nc6 24. Re3 Rfd8 25. a3 Kf8 26. Red3 a5 27. Kf1 a4 28. Rc3 R5d6 29. Rc4 b5 30. Rc5 Rb8 31. d5 Na5 32. Nd4 Rdb6 33. Nf5 g6 34. Ne3 Rd6 35. Rc7 b4 36. Ra7 1-0

[Event "31st Klatovy C 2025"]
[Site "Klatovy CZE"]
[Date "2025.07.02"]
[Round "5.16"]
[White "Svec, Ludek"]
[Black "Provaznik, Jan"]
[Result "0-1"]
[WhiteElo "1755"]
[BlackElo "1846"]
[PlyCount "72"]
[EventDate "2025.06.28"]
[EventType "swiss"]
[EventRounds "9"]
[EventCountry "CZE"]

1. d4 d5 2. Nf3 Nf6 3. g3 g6 4. Bg2 Bg7 5. c4 e6 6. Qc2 Nbd7 7. O-O O-O 8. b3 Ne4 9. Bb2 b6 10. Nbd2 Bb7 11. Nxe4 dxe4 12. Ng5 Qxg5 13. Bxe4 Bxe4 14. Qxe4 c5 15. h4 Qf5 16. Qxf5 gxf5 17. e3 Nf6 18. f3 Rfd8 19. dxc5 bxc5 20. Rad1 Nh5 21. Bxg7 Kxg7 22. Kf2 Kf8 23. Rfe1 Ke7 24. Rg1 Rxd1 25. Rxd1 Rd8 26. Rxd8 Kxd8 27. g4 fxg4 28. fxg4 Nf6 29. Kf3 Ke7 30. Kf4 h6 31. e4 Nd7 32. g5 hxg5+ 33. hxg5 Kd6 34. a3 a6 35. b4 Kc6 36. g6 fxg6 0-1

[Event "31st Klatovy C 2025"]
[Site "Klatovy CZE"]
[Date "2025.07.02"]
[Round "5.17"]
[White "Halla, Jiri"]
[Black "Macoun, Jiri"]
[Result "1/2-1/2"]
[WhiteElo "1843"]
[BlackElo "1747"]
[PlyCount "44"]
[EventDate "2025.06.28"]
[EventType "swiss"]
[EventRounds "9"]
[EventCountry "CZE"]

1. e4 e5 2. Nf3 Nc6 3. d4 exd4 4. Nxd4 Qf6 5. Be3 Bc5 6. c3 Nge7 7. Bc4 d6 8. O-O Ne5 9. Bb3 a6 10. h3 b5 11. Qe2 Bb7 12. Nd2 Qg6 13. f4 Nd7 14. f5 Qf6 15. Qh5 d5 16. Bg5 Bxd4+ 17. Kh1 Qd6 18. cxd4 Nf6 19. Bxf6 gxf6 20. Rae1 O-O-O 21. e5 fxe5 22. dxe5 Qb4 1/2-1/2

[Event "31st Klatovy C 2025"]
[Site "Klatovy CZE"]
[Date "2025.07.02"]
[Round "5.18"]
[White "Stanke, Vilem"]
[Black "Vavrinek, Tomas"]
[Result "0-1"]
[WhiteElo "1540"]
[BlackElo "1839"]
[PlyCount "36"]
[EventDate "2025.06.28"]
[EventType "swiss"]
[EventRounds "9"]
[EventCountry "CZE"]

1. e4 c5 2. Nf3 Nc6 3. d4 cxd4 4. Nxd4 Nf6 5. Nxc6 bxc6 6. Bd3 e5 7. O-O Be7 8. b3 O-O 9. Bb2 d6 10. Nc3 Ng4 11. h3 Nh6 12. Bc1 Bg5 13. Qh5 Bxc1 14. Raxc1 Be6 15. Rcd1 f5 16. Qe2 f4 17. Qh5 f3 18. gxf3 Rf4 0-1

[Event "31st Klatovy C 2025"]
[Site "Klatovy CZE"]
[Date "2025.07.02"]
[Round "5.19"]
[White "Fiser, Jiri 1942"]
[Black "Truksa, Vaclav"]
[Result "1/2-1/2"]
[WhiteElo "1821"]
[BlackElo "1742"]
[PlyCount "95"]
[EventDate "2025.06.28"]
[EventType "swiss"]
[EventRounds "9"]
[EventCountry "CZE"]

1. b3 e5 2. Bb2 d6 3. e3 Nf6 4. c4 Be7 5. Nf3 Be6 6. d4 exd4 7. exd4 O-O 8. Bd3 h6 9. O-O d5 10. Nbd2 c6 11. Re1 Bd6 12. c5 Bc7 13. b4 Nbd7 14. Ne5 a5 15. a3 axb4 16. axb4 Rxa1 17. Bxa1 Qa8 18. h3 Qa3 19. Qb3 Ra8 20. Bb2 Qxb3 21. Nxb3 Ra2 22. Re2 Nb8 23. Bc3 Ra3 24. Rb2 Nbd7 25. Nxd7 Bxd7 26. Bd2 Nh5 27. Bf1 Nf4 28. Na5 Bc8 29. g3 Ne6 30. Nb3 Ng5 31. Bxg5 hxg5 32. Kg2 g6 33. b5 f5 34. bxc6 bxc6 35. Be2 Kf7 36. Bd1 f4 37. g4 Ba6 38. f3 Ke6 39. Kf2 Bc4 40. Bc2 Bb5 41. Bxg6 Bd8 42. Bf5+ Kf7 43. Ke1 Bf6 44. Kd2 Ke7 45. Kc3 Kd8 46. Kb4 Ra4+ 47. Kc3 Rc4+ 48. Kd2 1/2-1/2

[Event "31st Klatovy C 2025"]
[Site "Klatovy CZE"]
[Date "2025.07.02"]
[Round "5.21"]
[White "Novy, Jaroslav"]
[Black "Tomecek, Marian"]
[Result "0-1"]
[WhiteElo "1744"]
[BlackElo "1566"]
[PlyCount "82"]
[EventDate "2025.06.28"]
[EventType "swiss"]
[EventRounds "9"]
[EventCountry "CZE"]

1. e4 e5 2. Nf3 Nc6 3. Bc4 Nf6 4. d4 Nxe4 5. dxe5 Bc5 6. O-O O-O 7. Qd5 Bxf2+ 8. Rxf2 Nxf2 9. Kxf2 d6 10. Bg5 Qe8 11. Nbd2 Be6 12. Qe4 Bxc4 13. Nxc4 dxe5 14. Rd1 f5 15. Qd5+ Kh8 16. Ncxe5 h6 17. Be3 Rd8 18. Nd7 Rf7 19. Nfe5 Nxe5 20. Qxe5 Re7 21. Qc3 Rdxd7 22. Rxd7 Rxd7 23. Bxh6 Qh5 24. Bf4 Qh4+ 25. Bg3 Qd4+ 26. Qxd4 Rxd4 27. Bxc7 Rd2+ 28. Kf3 Rxc2 29. Be5 Kg8 30. g4 fxg4+ 31. Kxg4 g6 32. h4 Kf7 33. Kf3 Ke6 34. Bc3 a6 35. Ke4 Rc1 36. Kf4 b5 37. a3 Rh1 38. Kg5 Rg1+ 39. Kf4 Kd5 40. Kf3 Kc4 41. Kf2 Rg4 0-1

[Event "31st Klatovy C 2025"]
[Site "Klatovy CZE"]
[Date "2025.07.02"]
[Round "5.22"]
[White "Slegl, Milan"]
[Black "Hanzlik, Jiri"]
[Result "1-0"]
[WhiteElo "1639"]
[BlackElo "1688"]
[PlyCount "103"]
[EventDate "2025.06.28"]
[EventType "swiss"]
[EventRounds "9"]
[EventCountry "CZE"]

1. d4 d5 2. c4 e6 3. Nc3 Nf6 4. Nf3 Nc6 5. e3 Be7 6. Bd3 Nb4 7. cxd5 Nxd3+ 8. Qxd3 Nxd5 9. O-O Nxc3 10. bxc3 Bd6 11. e4 c6 12. e5 Be7 13. a4 h6 14. Qe2 Qa5 15. c4 Bb4 16. Bd2 Bxd2 17. Nxd2 Qd8 18. Nf3 O-O 19. Rfd1 b6 20. c5 Qd5 21. Qc2 Rb8 22. cxb6 axb6 23. Rdb1 Ba6 24. Qc3 Qc4 25. Qe3 Qd5 26. h3 Rfd8 27. Rb2 Rb7 28. Rc1 Rc8 29. Qd2 Rcc7 30. Rcb1 Qa5 31. Qc1 Bd3 32. Ra1 Be4 33. Nd2 Bd5 34. Nc4 Bxc4 35. Qxc4 Ra7 36. Qc2 Ra6 37. Rba2 Qd5 38. Qd3 Ra8 39. Qc3 Rd7 40. a5 bxa5 41. Rxa5 Rxa5 42. Rxa5 Qe4 43. Ra8+ Kh7 44. Rc8 Rxd4 45. Qg3 Rd5 46. f4 c5 47. Rc7 Qg6 48. Qf2 Rd3 49. Kh2 Qf5 50. Rxc5 Rd4 51. Qxd4 g5 52. Rc4 1-0

[Event "31st Klatovy C 2025"]
[Site "Klatovy CZE"]
[Date "2025.07.02"]
[Round "5.23"]
[White "Zimmermann, Ladislav"]
[Black "Dobsinsky, Petr"]
[Result "0-1"]
[WhiteElo "1517"]
[BlackElo "1460"]
[PlyCount "78"]
[EventDate "2025.06.28"]
[EventType "swiss"]
[EventRounds "9"]
[EventCountry "CZE"]

1. e4 d6 2. d4 Nf6 3. Nc3 Nbd7 4. Nf3 e5 5. Bg5 c6 6. dxe5 dxe5 7. Nxe5 Nxe5 8. Qxd8+ Kxd8 9. Bxf6+ gxf6 10. O-O-O+ Ke7 11. f3 Bh6+ 12. Kb1 Rd8 13. Be2 Be6 14. Rxd8 Rxd8 15. Rd1 Rxd1+ 16. Nxd1 Bc4 17. Bxc4 Nxc4 18. g3 Nd2+ 19. Ka1 Nxf3 20. h3 Nd2 21. g4 Nxe4 22. c3 Ke6 23. Kb1 f5 24. Kc2 fxg4 25. hxg4 f5 26. gxf5+ Kxf5 27. Kd3 Bf8 28. Ne3+ Kf4 29. Ng2+ Ke5 30. Ne1 Nc5+ 31. Kc2 h5 32. Nf3+ Kf4 33. Nh4 Bh6 34. Ng6+ Kg5 35. Ne5 h4 36. Nf3+ Kg4 37. Ne5+ Kg3 38. Kd1 h3 39. Ke2 h2 0-1

[Event "31st Klatovy C 2025"]
[Site "Klatovy CZE"]
[Date "2025.07.04"]
[Round "7.1"]
[White "Andersen, Jorgen M"]
[Black "Kopta, Pavel"]
[Result "1/2-1/2"]
[WhiteElo "1928"]
[BlackElo "2199"]
[PlyCount "23"]
[EventDate "2025.06.28"]
[EventType "swiss"]
[EventRounds "9"]
[EventCountry "CZE"]

1. d4 {[%emt 0:00:02]} Nf6 {[%emt 0:00:18]} 2. Bf4 {[%emt 0:00:20]} c6 {[%emt 0:03:26]} 3. c3 {[%emt 0:02:20]} Qb6 {[%emt 0:03:12]} 4. Qb3 {[%emt 0:00:29]} d6 {[%emt 0:00:57]} 5. e3 {[%emt 0:02:35]} Be6 {[%emt 0:02:02]} 6. c4 {[%emt 0:02:56]} Nh5 {[%emt 0:04:35]} 7. Bg3 {[%emt 0:00:57]} Nxg3 {[%emt 0:01:33]} 8. hxg3 {[%emt 0:00:07]} Nd7 {[%emt 0:01:37]} 9. Nc3 {[%emt 0:02:04]} Qxb3 {[%emt 0:03:54]} 10. axb3 {[%emt 0:00:09]} Nb6 {[%emt 0:01:24]} 11. Nf3 {[%emt 0:03:40]} Bd7 {[%emt 0:09:21]} 12. e4 {[%emt 0:10:44]} 1/2-1/2

[Event "31st Klatovy C 2025"]
[Site "Klatovy CZE"]
[Date "2025.07.04"]
[Round "7.2"]
[White "Sabol, Marian"]
[Black "Cakl, Zdenek"]
[Result "1-0"]
[WhiteElo "2197"]
[BlackElo "2155"]
[PlyCount "93"]
[EventDate "2025.06.28"]
[EventType "swiss"]
[EventRounds "9"]
[EventCountry "CZE"]

1. d4 {[%emt 0:00:03]} Nf6 {[%emt 0:00:07]} 2. Nf3 {[%emt 0:00:07]} e6 {[%emt 0:00:24]} 3. g3 {[%emt 0:00:08]} d5 {[%emt 0:01:36]} 4. Bg2 {[%emt 0:00:10]} Bb4+ {[%emt 0:01:52]} 5. c3 {[%emt 0:00:21]} Be7 {[%emt 0:00:04]} 6. O-O {[%emt 0:00:10]} O-O {[%emt 0:00:22]} 7. c4 {[%emt 0:00:33]} c6 {[%emt 0:01:04]} 8. Nc3 {[%emt 0:05:12]} b6 {[%emt 0:03:07]} 9. Bf4 {[%emt 0:06:36]} Ba6 {[%emt 0:02:20]} 10. cxd5 {[%emt 0:03:37]} cxd5 {[%emt 0:01:19]} 11. Rc1 {[%emt 0:02:37]} Bb7 {[%emt 0:03:53]} 12. Ne5 {[%emt 0:05:05]} Nbd7 {[%emt 0:09:08]} 13. Qd3 {[%emt 0:10:47]} Rc8 {[%emt 0:09:32]} 14. Rc2 {[%emt 0:17:15]} Nh5 {[%emt 0:19:02]} 15. Bd2 {[%emt 0:06:34]} Nb8 {[%emt 0:05:34]} 16. Rfc1 {[%emt 0:01:49]} Ba6 {[%emt 0:00:14]} 17. Nb5 {[%emt 0:07:17]} Rxc2 {[%emt 0:03:18]} 18. Rxc2 {[%emt 0:04:40]} Nf6 {[%emt 0:02:57]} 19. a4 {[%emt 0:04:19]} Nfd7 {[%emt 0:01:50]} 20. Nf3 {[%emt 0:04:44]} Nf6 {[%emt 0:05:24]} 21. Bf4 {[%emt 0:01:42]} Ne8 {[%emt 0:11:13]} 22. Qb3 {[%emt 0:13:01]} Nd6 {[%emt 0:03:51]} 23. Ne5 {[%emt 0:03:15]} g5 {[%emt 0:11:51]} 24. Bd2 {[%emt 0:00:21]} f6 {[%emt 0:00:43]} 25. Nc6 {[%emt 0:02:05]} Nxc6 {[%emt 0:00:58]} 26. Rxc6 {[%emt 0:00:07]} Bb7 {[%emt 0:05:18]} 27. Rc2 {[%emt 0:00:51]} Nc4 {[%emt 0:09:07]} 28. Nxa7 {[%emt 0:04:47]} Qd7 {[%emt 0:02:33]} 29. Nb5 {[%emt 0:05:01]} Ra8 {[%emt 0:01:53]} 30. Bb4 {[%emt 0:05:13]} Bc6 {[%emt 0:02:02]} 31. Bxe7 {[%emt 0:00:08]} Qxe7 {[%emt 0:00:07]} 32. Nc3 {[%emt 0:01:05]} Ra6 {[%emt 0:04:56]} 33. e4 {[%emt 0:04:44]} Na5 {[%emt 0:02:46]} 34. Qa2 {[%emt 0:00:13]} dxe4 {[%emt 0:02:10]} 35. b4 {[%emt 0:06:43]} Qxb4 {[%emt 0:00:55]} 36. Qxe6+ {[%emt 0:00:06]} Kg7 {[%emt 0:00:09]} 37. Bxe4 {[%emt 0:02:20]} Bxe4 {[%emt 0:00:43]} 38. Qxe4 {[%emt 0:00:04]} Ra7 {[%emt 0:00:23]} 39. Nd5 {[%emt 0:00:08]} Qd6 {[%emt 0:00:41]} 40. Ne3 {[%emt 0:00:12]} Qd7 {[%emt 0:00:38]} 41. Nf5+ {[%emt 0:01:42]} Kf8 {[%emt 0:00:09]} 42. h4 {[%emt 0:00:57]} gxh4 {[%emt 0:00:33]} 43. Nxh4 {[%emt 0:00:09]} Nb3 {[%emt 0:00:18]} 44. Rc6 {[%emt 0:01:26]} Rxa4 {[%emt 0:00:36]} 45. Rxf6+ {[%emt 0:00:19]} Kg7 {[%emt 0:00:02]} 46. Qe5 {[%emt 0:00:54]} Ra1+ {[%emt 0:00:35]} 47. Kh2 {[%emt 0:00:13]} 1-0

[Event "31st Klatovy C 2025"]
[Site "Klatovy CZE"]
[Date "2025.07.04"]
[Round "7.3"]
[White "Kaderabek, Jiri"]
[Black "Pavlicek, Petr"]
[Result "1-0"]
[WhiteElo "2045"]
[BlackElo "1879"]
[PlyCount "57"]
[EventDate "2025.06.28"]
[EventType "swiss"]
[EventRounds "9"]
[EventCountry "CZE"]

1. e4 {[%emt 0:02:38]} c5 {[%emt 0:00:15]} 2. Nf3 {[%emt 0:00:26]} d6 {[%emt 0:00:08]} 3. d4 {[%emt 0:00:07]} cxd4 {[%emt 0:00:06]} 4. Qxd4 {[%emt 0:00:03]} Nc6 {[%emt 0:00:18]} 5. Qe3 {[%emt 0:00:29]} g6 {[%emt 0:01:05]} 6. Be2 {[%emt 0:01:25]} Bg7 {[%emt 0:00:12]} 7. O-O {[%emt 0:00:32]} Nf6 {[%emt 0:00:27]} 8. c4 {[%emt 0:01:05]} O-O {[%emt 0:03:22]} 9. Nc3 {[%emt 0:01:06]} Nd7 {[%emt 0:00:48]} 10. b3 {[%emt 0:02:42]} Nc5 {[%emt 0:01:56]} 11. Bb2 {[%emt 0:00:47]} a5 {[%emt 0:01:18]} 12. Rfd1 {[%emt 0:27:16]} Nb4 {[%emt 0:18:33]} 13. Rd2 {[%emt 0:07:31]} Qc7 {[%emt 0:07:37]} 14. a3 {[%emt 0:16:36]} Nc6 {[%emt 0:01:04]} 15. Nd5 {[%emt 0:02:25]} Qb8 {[%emt 0:06:11]} 16. Bxg7 {[%emt 0:02:08]} Kxg7 {[%emt 0:00:10]} 17. e5 {[%emt 0:05:18]} Nd7 {[%emt 0:09:30]} 18. exd6 {[%emt 0:02:12]} exd6 {[%emt 0:01:01]} 19. Rad1 {[%emt 0:05:59]} Rd8 {[%emt 0:04:23]} 20. h4 {[%emt 0:05:06]} h5 {[%emt 0:03:48]} 21. Ng5 {[%emt 0:16:13]} Nde5 {[%emt 0:14:55]} 22. f4 {[%emt 0:06:29]} f6 {[%emt 0:01:56]} 23. fxe5 {[%emt 0:00:48]} fxg5 {[%emt 0:00:30]} 24. Qxg5 {[%emt 0:00:55]} Bf5 {[%emt 0:01:44]} 25. Ne3 {[%emt 0:03:42]} Qa7 {[%emt 0:03:04]} 26. Kh1 {[%emt 0:01:04]} Rf8 {[%emt 0:00:25]} 27. Rxd6 {[%emt 0:03:29]} Nxe5 {[%emt 0:00:27]} 28. Qe7+ {[%emt 0:02:43]} Nf7 {[%emt 0:00:48]} 29. Nxf5+ {[%emt 0:00:38]} 1-0

[Event "31st Klatovy C 2025"]
[Site "Klatovy CZE"]
[Date "2025.07.04"]
[Round "7.4"]
[White "Hlavac, Rudolf"]
[Black "Turner, Radek"]
[Result "0-1"]
[WhiteElo "1923"]
[BlackElo "2031"]
[PlyCount "74"]
[EventDate "2025.06.28"]
[EventType "swiss"]
[EventRounds "9"]
[EventCountry "CZE"]

1. e4 {[%emt 0:00:01]} d5 {[%emt 0:01:14]} 2. exd5 {[%emt 0:00:15]} Qxd5 {[%emt 0:00:07]} 3. Nc3 {[%emt 0:00:16]} Qa5 {[%emt 0:00:07]} 4. d4 {[%emt 0:00:22]} Nf6 {[%emt 0:00:14]} 5. Bd2 {[%emt 0:00:52]} Bg4 {[%emt 0:00:14]} 6. Be2 {[%emt 0:00:19]} Bxe2 {[%emt 0:00:07]} 7. Ncxe2 {[%emt 0:00:13]} Qb6 {[%emt 0:00:07]} 8. Nf3 {[%emt 0:00:58]} e6 {[%emt 0:03:54]} 9. O-O {[%emt 0:05:20]} Be7 {[%emt 0:00:12]} 10. c4 {[%emt 0:00:16]} c6 {[%emt 0:11:16]} 11. b4 {[%emt 0:01:17]} Nbd7 {[%emt 0:00:33]} 12. a4 {[%emt 0:00:35]} O-O {[%emt 0:01:00]} 13. a5 {[%emt 0:00:19]} Qd8 {[%emt 0:00:23]} 14. Qb3 {[%emt 0:04:40]} b6 {[%emt 0:01:27]} 15. a6 {[%emt 0:06:57]} b5 {[%emt 0:00:23]} 16. Ne5 {[%emt 0:11:37]} Nxe5 {[%emt 0:00:39]} 17. dxe5 {[%emt 0:00:19]} Qxd2 {[%emt 0:00:42]} 18. exf6 {[%emt 0:00:17]} Bxf6 {[%emt 0:00:31]} 19. Ra2 {[%emt 0:00:44]} bxc4 {[%emt 0:00:56]} 20. Qxc4 {[%emt 0:00:38]} Qd5 {[%emt 0:00:30]} 21. Rc1 {[%emt 0:01:38]} Rab8 {[%emt 0:03:35]} 22. Nf4 {[%emt 0:03:12]} Qxc4 {[%emt 0:02:17]} 23. Rxc4 {[%emt 0:00:17]} Rfd8 {[%emt 0:00:28]} 24. g3 {[%emt 0:03:06]} Rb6 {[%emt 0:02:51]} 25. b5 {[%emt 0:13:12]} cxb5 {[%emt 0:07:21]} 26. Rc7 {[%emt 0:02:57]} Ra8 {[%emt 0:00:17]} 27. Rac2 {[%emt 0:14:06]} h6 {[%emt 0:00:21]} 28. R2c6 {[%emt 0:00:36]} Rxc6 {[%emt 0:01:27]} 29. Rxc6 {[%emt 0:05:01]} b4 {[%emt 0:00:35]} 30. Rc7 {[%emt 0:01:19]} Bd8 {[%emt 0:00:39]} 31. Rb7 {[%emt 0:01:31]} Bb6 {[%emt 0:00:11]} 32. Nd3 {[%emt 0:00:35]} b3 {[%emt 0:00:33]} 33. Nb2 {[%emt 0:01:20]} Rc8 {[%emt 0:00:44]} 34. Na4 {[%emt 0:01:07]} Rc4 {[%emt 0:03:40]} 35. Nxb6 {[%emt 0:01:41]} Rc1+ {[%emt 0:00:23]} 36. Kg2 {[%emt 0:01:08]} b2 {[%emt 0:00:29]} 37. Nd7 {[%emt 0:02:39]} b1=Q {[%emt 0:00:21]} 0-1

[Event "31st Klatovy C 2025"]
[Site "Klatovy CZE"]
[Date "2025.07.04"]
[Round "7.5"]
[White "Danek, Vaclav"]
[Black "Ondrejat, Miroslav"]
[Result "1/2-1/2"]
[WhiteElo "1904"]
[BlackElo "2012"]
[PlyCount "53"]
[EventDate "2025.06.28"]
[EventType "swiss"]
[EventRounds "9"]
[EventCountry "CZE"]

1. c4 {[%emt 0:00:01]} Nf6 {[%emt 0:00:32]} 2. Nc3 {[%emt 0:00:11]} e5 {[%emt 0:00:15]} 3. g3 {[%emt 0:00:10]} c6 {[%emt 0:00:05]} 4. Bg2 {[%emt 0:00:24]} d5 {[%emt 0:00:02]} 5. d3 {[%emt 0:05:07]} d4 {[%emt 0:02:51]} 6. Ne4 {[%emt 0:00:02]} Nxe4 {[%emt 0:01:19]} 7. Bxe4 {[%emt 0:00:42]} Bb4+ {[%emt 0:05:25]} 8. Bd2 {[%emt 0:00:15]} Qa5 {[%emt 0:00:37]} 9. Bg2 {[%emt 0:00:20]} O-O {[%emt 0:00:26]} 10. Nf3 {[%emt 0:00:12]} Re8 {[%emt 0:06:42]} 11. Bxb4 {[%emt 0:00:55]} Qxb4+ {[%emt 0:00:06]} 12. Qd2 {[%emt 0:00:12]} Qe7 {[%emt 0:00:39]} 13. O-O {[%emt 0:00:31]} c5 {[%emt 0:00:40]} 14. e4 {[%emt 0:04:29]} Nc6 {[%emt 0:01:44]} 15. a3 {[%emt 0:00:29]} a5 {[%emt 0:03:46]} 16. b3 {[%emt 0:04:12]} Bd7 {[%emt 0:03:41]} 17. Rfb1 {[%emt 0:00:56]} Ra6 {[%emt 0:01:08]} 18. Ne1 {[%emt 0:00:28]} Rf8 {[%emt 0:02:48]} 19. Nc2 {[%emt 0:02:03]} h6 {[%emt 0:09:49]} 20. Rf1 {[%emt 0:00:17]} Kh7 {[%emt 0:06:55]} 21. f4 {[%emt 0:00:35]} f5 {[%emt 0:00:43]} 22. Rae1 {[%emt 0:02:25]} Rb6 {[%emt 0:05:48]} 23. exf5 {[%emt 0:04:16]} Rxb3 {[%emt 0:02:03]} 24. fxe5 {[%emt 0:03:06]} Nxe5 {[%emt 0:07:03]} 25. Be4 {[%emt 0:00:28]} Qf6 {[%emt 0:01:57]} 26. Qxa5 {[%emt 0:11:31]} b6 {[%emt 0:03:33]} 27. Qd2 {[%emt 0:05:54]} 1/2-1/2

[Event "31st Klatovy C 2025"]
[Site "Klatovy CZE"]
[Date "2025.07.04"]
[Round "7.6"]
[White "Pribyl, Rene"]
[Black "Vachal, Josef 1957"]
[Result "1/2-1/2"]
[WhiteElo "1905"]
[BlackElo "1845"]
[PlyCount "58"]
[EventDate "2025.06.28"]
[EventType "swiss"]
[EventRounds "9"]
[EventCountry "CZE"]

1. d4 {[%emt 0:00:02]} Nf6 {[%emt 0:00:14]} 2. c4 {[%emt 0:00:02]} g6 {[%emt 0:00:20]} 3. Nc3 {[%emt 0:00:09]} d5 {[%emt 0:00:25]} 4. Bf4 {[%emt 0:00:36]} Bg7 {[%emt 0:00:24]} 5. e3 {[%emt 0:00:02]} O-O {[%emt 0:01:07]} 6. Nf3 {[%emt 0:00:22]} c5 {[%emt 0:03:37]} 7. dxc5 {[%emt 0:04:13]} Qa5 {[%emt 0:00:50]} 8. Qa4 {[%emt 0:00:35]} Qxc5 {[%emt 0:01:45]} 9. Rc1 {[%emt 0:01:44]} Nc6 {[%emt 0:03:58]} 10. a3 {[%emt 0:01:48]} dxc4 {[%emt 0:14:41]} 11. Qxc4 {[%emt 0:10:44]} Qa5 {[%emt 0:04:31]} 12. Be2 {[%emt 0:09:30]} Be6 {[%emt 0:09:59]} 13. Qb5 {[%emt 0:02:01]} Nd5 {[%emt 0:04:34]} 14. Qxa5 {[%emt 0:00:51]} Nxa5 {[%emt 0:00:12]} 15. Nxd5 {[%emt 0:06:42]} Bxd5 {[%emt 0:00:10]} 16. b4 {[%emt 0:00:32]} Nb3 {[%emt 0:05:51]} 17. Rc7 {[%emt 0:01:12]} Rac8 {[%emt 0:04:55]} 18. O-O {[%emt 0:01:55]} Rxc7 {[%emt 0:03:02]} 19. Bxc7 {[%emt 0:00:02]} Rc8 {[%emt 0:00:22]} 20. Bf4 {[%emt 0:00:37]} Rc2 {[%emt 0:03:22]} 21. Rd1 {[%emt 0:01:34]} Rc1 {[%emt 0:10:03]} 22. e4 {[%emt 0:08:46]} Rxd1+ {[%emt 0:05:19]} 23. Bxd1 {[%emt 0:02:27]} Be6 {[%emt 0:00:31]} 24. Be5 {[%emt 0:03:37]} Bxe5 {[%emt 0:02:31]} 25. Nxe5 f6 {[%emt 0:01:24]} 26. Nd3 {[%emt 0:00:51]} b6 {[%emt 0:00:27]} 27. f4 {[%emt 0:03:08]} Nd4 {[%emt 0:04:02]} 28. Ba4 {[%emt 0:07:01]} Bc4 {[%emt 0:07:03]} 29. Nb2 {[%emt 0:00:21]} Bb5 {[%emt 0:05:49]} 1/2-1/2